000 00696nam a2200289Ia 4500
005 20260324124721.0
008 008 260324s9999 xx 000 0 eng d
020 _a9781315853369
037 _aEBOOK
040 _aCRL
040 _beng
040 _cCRL
041 _2eng
041 _aeng
084 _qCRL
100 _aTodd Whitaker
_91145902
245 0 _aLeading School Change
245 0 _b9 Strategies to Bring Everybody on Board (Study Guide)
260 _bTaylor and Francis
260 _c2010
365 _a
365 _b65.99
856 _uhttp://www.taylorfrancis.com/books/9781315853369
942 _cEBOOK
999 _c1769850
_d1769850